000 01063nam a2200253Ia 4500
003 OSt
005 20220923222029.0
006 a|||||r|||| 00| 0
007 ta
008 220922b |||||||| |||| 00| 0 kan d
024 _a201,909
037 _cTextual
040 _aARTS
_cARTS
_bkan
041 _2kan
_akan
082 _aO33,3M91,CV, 152M4
100 _aश्रीनिवास, मास्ति वेंकटेश अय्यंगार, संपा.
_9165757
245 0 _aचिक्क वीर राजेन्द्र, अनु बी आर नारायण
246 _aChikka vīr rājendra, anu bī ār nārāyaṇa
260 _aनयी दिल्ली
_b भारतीय ज्ञानपीठ
_c1984
300 _a339पृ0
_ccm.
650 _aकन्नड़ साहित्य
_9156264
942 _hO33,3M91,CV, 152M4
_cTEXL
_2CC
999 _c353448
_d353448